Statistiques concernant Pokémon de type Glace

Cliquez ici pour prendre le quiz!

Statistiques générales

  • Ce quiz a été pris 333 fois
    (39 depuis la dernière actualisation)
  • Le résultat moyen est 44 sur 51

Statistiques - réponses

Pokémon % Correct
Blizzaroi / Méga-Blizzaroi
100%
Blizzi
100%
Lokhlass
93%
Mammochon
93%
Lamantine
93%
Hexagel
93%
Goupix d'Alola
93%
Marcacrin
93%
Momartik
93%
Sabelette d'Alola
93%
Oniglali / Méga-Oniglali
93%
Stalgamin
93%
Feunard d'Alola
93%
Sablaireau d'Alola
93%
Kyurem
93%
Crustabri
93%
Artikodin
93%
Cochignon
93%
Arceus (Plaque Glace)
93%
Cadoizo
87%
Farfuret
87%
Motisma-Froid
87%
Phogleur
87%
Silvallié (ROM Glace)
87%
Séracrawl
87%
Obalie
87%
Crabominable
87%
Dimoret
87%
Kaimorse
87%
Darumarond de Galar
87%
Grelaçon
87%
Lippouti
80%
Polarhume
80%
Givrali
80%
Sorbébé
80%
Sorbouboul
80%
Polagriffe
80%
Sorboul
80%
Darumacho de Galar / Darumacho-Zen de Galar
80%
Lippoutou
80%
M. Glaquette
80%
M. Mime de Galar
80%
Dragmara
80%
Amagara
80%
Frissonille
73%
Beldeneige
73%
Morphéo (Grêle)
73%
Regice
73%
Galvagla
67%
Bekaglaçon
67%
Hydragla
60%

Distribution des résultats

Percentile by Number Answered

% des personnes avec chaque résultat

Votre développement - résultats

Vous n’avez pas pris ce quiz depuis la dernière actualisation